000
00329nam a2200133Ia 4500
008
191201s2013 xx 000 0 und d
082
_a
004
_b
THC
100
_a
THAREJA, Reema
245
0
_a
Computer Fundamentals and Programming in c
250
_a
3rd
260
_c
2013
_b
Oxford
_a
NEW DELHI
300
_a
547
942
_2
ddc
_c
BK
_0
28
999
_c
7844
_d
7844